| 000 | 00958njm a2200241 i 4500 | ||
|---|---|---|---|
| 001 | 4836 | ||
| 003 | ES-MaACL | ||
| 005 | 20240603192907.0 | ||
| 007 | s|r||||||||||| | ||
| 008 | 070817s1976 sp ||| g ||||||||1|nspa d | ||
| 100 | 1 |
_aBalbontín, José Antonio, _d1893-1977 _924853 |
|
| 245 | 1 | 0 |
_aSobre el peligro de la guerra atómica mundial [ _hGrabación sonora] / _cinterviene José Antonio Balbotín. |
| 260 |
_aMadrid : _bAteneo de Madrid, _c1976. |
||
| 300 |
_a1 disco (CD-DA) (53 min. 34 seg.) ; _c12 cm. |
||
| 500 | _aDatos basados en la invitación. | ||
| 518 | _aActo organizado por el Ateneo de Madrid, grabado en el salón de actos el jueves 2 de diciembre de 1976, a las 19:30 h. | ||
| 610 | 2 | 4 |
_aAteneo de Madrid- _xActos culturales- _y1976- _vGrabaciones sonoras. _91886 |
| 650 | 1 | 4 |
_aArmas nucleares. _99970 |
| 710 | 2 |
_aAteneo de Madrid. _91875 |
|
| 852 |
_aES-MaACL _cROT _jROT 4/1/25 _94953 |
||
| 942 |
_2udc _cCDROM |
||
| 999 |
_c4836 _d4836 |
||